000 00944nam0a2200301 4500
001 RU\NLR\BIBL_A\022099164
005 20250625121120.0
010 _92000
035 _a(NLR Aleph) 022099164
090 _a13318944
_c13318944
100 _a20231219d1980 |||y0rusy50 ca
101 0 _adar
102 _aRU
105 _aa z 000 y
181 0 _ai
_baxxe
182 0 _an
200 1 _aШайтIа къярд
_eповестуни
_fГIяли АсхIяб
203 _aТекст
_bвизуальный
_cнепосредственный
210 _aМахачкала
_cДаг. кн. изд-во
_d1980
215 _a98,[2] с.
_d16
541 1 _6z01790
_aЧертова долина
_eповести
_zrus
686 1 _aШ5(2=Да)-6
700 1 _aГIяли АсхIяб
_4070
790 0 _6z01541
_aМагомедов
_bА. А.
_gАли Асхаб
_4070
852 _aNLR
_bОНЛ
_jДарг./929
942 _cBOOK
980 _aNB